[Event "Hessenliga 1921"]
[Site "Hessen"]
[Date "2019.09.22"]
[Round "1.8"]
[White "Barpiyeva, Gulsana"]
[Black "Holmlund, Kenneth"]
[Result "1/2-1/2"]
[WhiteElo "2009"]
[BlackElo "2087"]
[PlyCount "25"]
[EventDate "2019.09.22"]
[EventType "team-tourn"]
[EventRounds "9"]
[EventCountry "GER"]
[SourceTitle "EXT 2024"]
[Source "ChessBase"]
[SourceDate "2023.10.10"]
[SourceVersion "1"]
[SourceVersionDate "2023.10.10"]
[SourceQuality "1"]
[WhiteTeam "Frankfurt Bvk"]
[BlackTeam "Griesheim II"]
[WhiteTeamCountry "GER"]
[BlackTeamCountry "GER"]

1. d4 c5 2. e3 Nf6 3. c4 cxd4 4. exd4 d5 5. Nc3 e6 6. Nf3 Be7 7. Be2 0-0 8. 0-0 Nc6 9. b3 b6 10. Bb2 Bb7 11. Rc1 Rc8 12. cxd5 Nxd5 13. Nxd5 1/2-1/2

[Event "BL 1819 (Women)"]
[Site "Germany"]
[Date "2019.03.02"]
[Round "10.6"]
[White "Barpiyeva, Gulsana"]
[Black "Mai, Iris"]
[Result "0-1"]
[WhiteElo "2056"]
[BlackElo "2011"]
[PlyCount "88"]
[EventDate "2018.10.27"]
[EventType "team-tourn"]
[EventRounds "11"]
[EventCountry "GER"]
[SourceTitle "CBM 189 Extra"]
[Source "ChessBase"]
[SourceDate "2019.06.03"]
[SourceVersion "1"]
[SourceVersionDate "2019.06.03"]
[SourceQuality "1"]
[WhiteTeam "Hofheim (W)"]
[BlackTeam "Pankow Rotation (W)"]
[WhiteTeamCountry "GER"]
[BlackTeamCountry "GER"]

1. d4 d5 2. c4 e6 3. Nc3 c6 4. e3 Nf6 5. Nf3 Nbd7 6. Bd3 Be7 7. 0-0 0-0 8. b3 Re8 9. Bb2 b6 10. Rc1 Bb7 11. Qe2 Bd6 12. Rfd1 Qe7 13. cxd5 exd5 14. Nh4 Qd8 15. Nf5 Bf8 16. Qc2 g6 17. Ng3 Rc8 18. Qb1 Ng4 19. Re1 Qh4 20. Nf1 Qxf2+ 21. Kh1 Qh4 22. Re2 Nf2+ 23. Kg1 Nxd3 24. Qxd3 Nf6 25. Rce1 Ne4 26. Nxe4 Qxe4 27. Qc3 a5 28. Ng3 Qg4 29. a3 h5 30. Rf2 Ba6 31. Ne2 Bxe2 32. Rfxe2 Re4 33. Rf2 Qe6 34. Bc1 Bh6 35. Rc2 h4 36. Qd3 h3 37. g3 Bg7 38. Rd1 Bf6 39. Bd2 Re8 40. Rdc1 Qg4 41. Qf1 Bg5 42. Rxc6 Rxe3 43. Be1 Rf3 44. Bf2 Rxf2 0-1

[Event "Hessenliga 1819"]
[Site "Hessen"]
[Date "2018.09.23"]
[Round "1.6"]
[White "Dios, Erwin Michael"]
[Black "Barpiyeva, Gulsana"]
[Result "1-0"]
[WhiteElo "1962"]
[BlackElo "2056"]
[PlyCount "45"]
[EventDate "2018.09.23"]
[EventType "team-tourn"]
[EventRounds "9"]
[EventCountry "GER"]
[SourceTitle "EXT 2020"]
[Source "ChessBase"]
[SourceDate "2019.10.17"]
[SourceVersion "1"]
[SourceVersionDate "2019.10.17"]
[SourceQuality "1"]
[WhiteTeam "Giessen"]
[BlackTeam "Frankfurt BvK"]
[WhiteTeamCountry "GER"]
[BlackTeamCountry "GER"]

1. g3 c5 2. Bg2 Nc6 3. c4 g6 4. Nc3 Bg7 5. h4 a6 6. h5 e6 7. d3 Nf6 8. hxg6 hxg6 9. Rxh8+ Bxh8 10. Bg5 d6 11. Qd2 Qc7 12. Nf3 Bd7 13. 0-0-0 Ng8 14. Rh1 Bg7 15. Rh7 Kf8 16. Ne4 Rb8 17. Nh4 Nge7 18. Bxe7+ Nxe7 19. Qg5 Ng8 20. Nxg6+ fxg6 21. Qf4+ Ke8 22. Rxg7 Ne7 23. Qf7+ 1-0

[Event "GER-chT Federal Cup (Women)"]
[Site "Braunfels"]
[Date "2017.06.18"]
[Round "5.1"]
[White "Belenkaya, Dina"]
[Black "Barpiyeva, Gulsana"]
[Result "1-0"]
[WhiteElo "2306"]
[BlackElo "2109"]
[PlyCount "47"]
[EventDate "2017.06.15"]
[EventType "team-swiss"]
[EventRounds "5"]
[EventCountry "GER"]
[SourceTitle "CBM 179 Extra"]
[Source "ChessBase"]
[SourceDate "2017.08.23"]
[SourceVersion "1"]
[SourceVersionDate "2017.08.23"]
[SourceQuality "1"]
[WhiteTeam "Bayern (W)"]
[BlackTeam "Hessen (W)"]
[WhiteTeamCountry "GER"]
[BlackTeamCountry "GER"]

1. e4 c5 2. Nf3 d6 3. Bb5+ Nd7 4. 0-0 a6 5. Bd3 Ngf6 6. c3 g6 7. Bc2 Bg7 8. d4 0-0 9. Qe2 e5 10. dxe5 dxe5 11. a4 b6 12. Na3 Qc7 13. Nc4 Bb7 14. Rd1 Rfd8 15. Nd6 Nf8 16. Nxb7 Qxb7 17. Nxe5 Nxe4 18. Bf4 Nf6 19. Bb3 Nd5 20. Qf3 Ne6 21. Rxd5 Qc8 22. Rxd8+ Nxd8 23. Rd1 Bf6 24. Nd7 1-0

[Event "BL2 Sued 1617 (Women)"]
[Site "Germany"]
[Date "2016.10.22"]
[Round "1.2"]
[White "Barpiyeva, Gulsana"]
[Black "Halas, Julia"]
[Result "1-0"]
[WhiteElo "2106"]
[BlackElo "1839"]
[PlyCount "129"]
[EventDate "2016.10.22"]
[EventType "team-tourn"]
[EventRounds "7"]
[EventCountry "GER"]
[SourceTitle "EXT 2018"]
[Source "ChessBase"]
[SourceDate "2017.10.13"]
[SourceVersion "1"]
[SourceVersionDate "2017.10.13"]
[SourceQuality "1"]
[WhiteTeam "Hofheim (W)"]
[BlackTeam "Leipzig SG (W)"]
[WhiteTeamCountry "GER"]
[BlackTeamCountry "GER"]

1. Nf3 Nf6 2. c4 g6 3. Nc3 Bg7 4. g3 d6 5. d4 0-0 6. Bg2 Nc6 7. 0-0 a6 8. e4 Rb8 9. d5 Na5 10. Qd3 c5 11. a4 Bd7 12. Nd2 Ng4 13. Ra2 Ne5 14. Qe2 b5 15. cxb5 axb5 16. axb5 c4 17. f4 Nd3 18. Nf3 Nb3 19. Be3 Bxb5 20. Rd1 Bd7 21. Ne1 Nd4 22. Qf1 Bg4 23. Rb1 Nxe1 24. Qxe1 Nc2 25. Qd2 Nxe3 26. Qxe3 Qb6 27. Qxb6 Rxb6 28. Na4 Rb4 29. Rba1 Rfb8 30. Rc1 Be2 31. Bf1 Bd4+ 32. Kg2 Bxf1+ 33. Kxf1 Bxb2 34. Rc2 Bd4 35. Ke2 Ra8 36. Nc3 Rxa2 37. Nxa2 Rb2 38. Rxb2 Bxb2 39. Nb4 Bd4 40. Nc6 Bg1 41. Nxe7+ Kf8 42. Nc6 c3 43. Nb4 Bc5 44. Nc2 Ke7 45. g4 h6 46. h4 f6 47. Kf3 f5 48. exf5 gxf5 49. g5 hxg5 50. fxg5 Kf7 51. h5 Bb6 52. Kf4 Bd8 53. Kxf5 Kg7 54. Nd4 Be7 55. Kf4 Kf7 56. Kf5 Kg7 57. g6 Bh4 58. Ke6 Bf2 59. Ne2 c2 60. Kxd6 Bg3+ 61. Ke6 Bf4 62. d6 c1Q 63. Nxc1 Bxc1 64. Ke7 Bg5+ 65. Ke8 1-0

[Event "BL2 Sued 1516 (Women)"]
[Site "Germany"]
[Date "2016.01.10"]
[Round "5.1"]
[White "Barpiyeva, Gulsana"]
[Black "Muetsch, Annmarie"]
[Result "0-1"]
[WhiteElo "2102"]
[BlackElo "1974"]
[PlyCount "68"]
[EventDate "2015.09.26"]
[EventType "team-tourn"]
[EventRounds "7"]
[EventCountry "GER"]
[SourceTitle "EXT 2017"]
[Source "ChessBase"]
[SourceDate "2016.10.25"]
[SourceVersion "1"]
[SourceVersionDate "2016.10.25"]
[SourceQuality "1"]
[WhiteTeam "Hofheim (W)"]
[BlackTeam "Langen (W)"]
[WhiteTeamCountry "GER"]
[BlackTeamCountry "GER"]

1. e4 e6 2. d3 d5 3. Nd2 Nf6 4. Ngf3 c5 5. g3 Nc6 6. Bg2 Bd6 7. 0-0 0-0 8. Re1 Qc7 9. c3 d4 10. Nc4 e5 11. Nxd6 Qxd6 12. Nh4 Bg4 13. f3 Bh5 14. c4 a6 15. Nf5 Qc7 16. Bg5 Ne8 17. g4 f6 18. Bd2 Bf7 19. h4 b5 20. b3 Nd6 21. Rf1 Nxf5 22. gxf5 bxc4 23. bxc4 Rab8 24. Rb1 Rxb1 25. Qxb1 Rb8 26. Qc2 Nb4 27. Bxb4 Rxb4 28. Rb1 Qb6 29. Rxb4 Qxb4 30. Bf1 Be8 31. Qh2 Bh5 32. f4 Qe1 33. fxe5 Qe3+ 34. Qf2 fxe5 0-1

[Event "Oberliga Ost-B 1415"]
[Site "Germany"]
[Date "2014.11.09"]
[Round "4.8"]
[White "Barpiyeva, Gulsana"]
[Black "Schulz, Uwe"]
[Result "1/2-1/2"]
[WhiteElo "2098"]
[BlackElo "1866"]
[PlyCount "118"]
[EventDate "2014.09.21"]
[EventType "team-tourn"]
[EventRounds "11"]
[EventCountry "GER"]
[SourceTitle "EXT 2016"]
[Source "ChessBase"]
[SourceDate "2015.10.08"]
[SourceVersion "1"]
[SourceVersionDate "2015.10.08"]
[SourceQuality "1"]
[WhiteTeam "Frankfurt BvK"]
[BlackTeam "Jena Schott"]
[WhiteTeamCountry "GER"]
[BlackTeamCountry "GER"]

1. c4 c5 2. Nc3 Nc6 3. g3 g6 4. Bg2 Bg7 5. Nf3 Nf6 6. 0-0 0-0 7. d4 cxd4 8. Nxd4 Nxd4 9. Qxd4 d6 10. Qd3 Rb8 11. Bd2 Be6 12. e4 Nd7 13. b3 Ne5 14. Qe2 Qd7 15. Rad1 Nc6 16. Nd5 b6 17. Be3 Kh8 18. Rd2 Qc8 19. h4 Re8 20. f3 Qb7 21. g4 Ne5 22. Bd4 Bxd5 23. cxd5 Rbc8 24. f4 Nd7 25. e5 Qc7 26. Re1 Kg8 27. g5 f5 28. Bf3 Nc5 29. Rc2 Qd7 30. b4 Ne4 31. Rec1 Rxc2 32. Qxc2 dxe5 33. fxe5 Qxd5 34. Rd1 Qe6 35. Qb2 Rc8 36. Re1 Qd5 37. Bd1 Kf8 38. Bb3 Qd7 39. Rd1 Qc7 40. a3 b5 41. Rf1 Qc6 42. Qg2 Ke8 43. Bg8 Qd7 44. Ba1 Nc3 45. Bxh7 Qd4+ 46. Qf2 Ne2+ 47. Kg2 Qe4+ 48. Qf3 Nf4+ 49. Kg3 Nh5+ 50. Kh3 Qxf3+ 51. Rxf3 Rc6 52. Bxg6+ Rxg6 53. Rxf5 Bh8 54. Kg4 Ng7 55. Rf3 Rc6 56. Rf4 Rc1 57. Bb2 Rc2 58. Ba1 Rc1 59. Bb2 Rc2 1/2-1/2

[Event "Wiesbaden op 26th"]
[Site "Wiesbaden"]
[Date "2014.08.30"]
[Round "4"]
[White "Barpiyeva, Gulsana"]
[Black "Hahn, Markus"]
[Result "0-1"]
[WhiteElo "2098"]
[BlackElo "2221"]
[PlyCount "94"]
[EventDate "2014.08.28"]
[EventType "swiss"]
[EventRounds "7"]
[EventCountry "GER"]
[SourceTitle "CBM 162 Extra"]
[Source "ChessBase"]
[SourceDate "2014.10.17"]
[SourceVersion "1"]
[SourceVersionDate "2014.10.17"]
[SourceQuality "1"]

1. c4 e6 2. Nc3 c5 3. Nf3 b6 4. g3 Bb7 5. Bg2 Nf6 6. 0-0 Be7 7. b3 a6 8. Bb2 0-0 9. d4 cxd4 10. Nxd4 Bxg2 11. Kxg2 Qc8 12. e4 Nc6 13. Nf3 Qb7 14. Qe2 d6 15. Rfe1 Nd7 16. Rad1 Rfd8 17. Rd2 Nde5 18. Nxe5 dxe5 19. Red1 Nd4 20. Qe1 b5 21. cxb5 axb5 22. f3 Rdc8 23. Rc1 Rc7 24. Ne2 Bb4 25. Bc3 Nxe2 26. Rxe2 Qc8 27. Bxb4 Rxc1 28. Qd2 f6 29. Qd3 Qc6 30. Rd2 Kf7 31. Kh3 Kg6 32. Qe3 Rc2 33. a3 Rxd2 34. Qxd2 Rc8 35. Qd3 Qc1 36. Bd2 Qc2 37. Qd7 Qc6 38. Qd3 Qc2 39. Qd7 Qc6 40. Qd3 Rc7 41. Qe3 Rd7 42. Bc3 Qd6 43. a4 Qd3 44. Qxd3 Rxd3 45. Be1 Rxf3 46. a5 Rxb3 47. Kg2 Re3 0-1